Future of the Ecumenical Movement (Record no. 22923)

MARC details
000 -LEADER
fixed length control field 00329nam a22001457a 4500
020 ## - INTERNATIONAL STANDARD BOOK NUMBER
ISBN 9788184656046
082 ## - DEWEY DECIMAL CLASSIFICATION NUMBER
Classification number 280.042
Author Cutter PAT
100 ## - MAIN ENTRY--AUTHOR NAME
Author name Pathil , Kuncheria
245 ## - TITLE STATEMENT
Title Future of the Ecumenical Movement
260 ## - PUBLICATION, DISTRIBUTION, ETC. (IMPRINT)
Place of publication Delhi
Name of publisher ISPCK
Year of publication 2017
300 ## - PHYSICAL DESCRIPTION
Number of Pages 189
650 ## - SUBJECT ADDED ENTRY--TOPICAL TERM
Topical Term Ecumenical movement
942 ## - ADDED ENTRY ELEMENTS (KOHA)
Koha item type Books
Holdings
Home library Current library Shelving location Date acquired Source of acquisition Cost, normal purchase price Full call number Accession Number Koha item type
Henry Martyn Institute Library Henry Martyn Institute Library General stacks 06/05/2020 ISPCK 275.00 280.042 PAT 11-4326 Books
                   Copyright © 2026 | Henry Martyn Institute | Hyderabad | TS-500052 | INDIA | Implemented by hmi.edu.in
Hit-Count:

Powered by Koha